Pozemkový katastr třicátých a čtyřicátých let

Bibliographic Details
Main Author: Bumba, Jan, 1941- (Author)
Format: Article
Language:Slovak
Czech
ISSN:0016-7096
Subjects:

MARC

LEADER 00000nab a2200000 a 4500
001 vtls000684855
003 SK-MaSNL
005 20260304092218.0
008 250425c xo 0 slo
015 |a SNBRB1999/01-00317 
035 |a CLN000037022 
035 |a (urnnbn)urn:nbn:sk:snk:ar-006qkv 
035 |a (uuid)df3868f0-a618-4402-bdd9-11a57c8a7475 
035 |a urn:nbn:sk:snk-ab88fn 
040 |a SNKBUCL  |b slo  |c SNKBUCL  |e AACR2 
041 0 |a cze 
044 |a xo  |c SK 
080 |a 347.235.11(437)"1930/1950"  |2 1997 
100 1 |a Bumba, Jan,  |d 1941-  |4 aut  |9 13084 
245 1 0 |a Pozemkový katastr třicátých a čtyřicátých let  |c Jan Bumba 
504 |a Bibliogr. odkazy 
650 0 7 |a katastre pozemkové  |z Česko-Slovensko  |y 1930-1950  |2 snkbucl  |9 1385665 
655 7 |a články z novín a časopisov  |2 snkbucl  |9 267496 
773 0 |t Geodetický a kartografický obzor  |g Roč. 45 (87), č. 1 (1999), s. 14-15  |x 0016-7096 
850 |a Slovenská národná knižnica 
852 |a Slovenská národná knižnica 
954 |a odborná, vedecká literatúra cudzojazyčná (svetová)  |2 lita 
958 |a article9 
958 |a OND 
958 |a CZ 
958 |a SK 
958 |a EUIPO 
992 |a RBX 
999 |c 2818359  |d 2820289